Sports Quiz

Random Sports or Soccer Quiz

Ireland's Euro 2012 squad Quiz Stats

 Plays Quiz not verified by Sporcle

Also try: MVC
Challenge
Share
Tweet
Embed
Score 0/23 Timer 05:00
0 Plays Today
Position Player % Correct
GoalkeeperShay Given
100%
ForwardRobbie Keane
97.2%
DefenderJohn O'Shea
90.3%
DefenderRichard Dunne
86.1%
ForwardKevin Doyle
84.7%
MidfielderAiden McGeady
84.7%
ForwardJon Walters
83.3%
ForwardShane Long
80.6%
MidfielderDamien Duff
79.2%
MidfielderGlenn Whelan
75%
GoalkeeperKeiren Westwood
70.8%
DefenderStephen Ward
65.3%
Position Player % Correct
DefenderDarren O'Dea
65.3%
MidfielderDarron Gibson
65.3%
MidfielderJames McClean
62.5%
MidfielderStephen Hunt
62.5%
DefenderStephen Kelly
61.1%
Defender (Originally on Standby)Paul McShane
61.1%
ForwardSimon Cox
58.3%
GoalkeeperDavid Forde
56.9%
DefenderSean St Ledger
56.9%
MidfielderKeith Andrews
55.6%
Midfielder (Originally on Standby)Paul Green
54.2%

You're not logged in!

Compare scores with friends on all Sporcle quizzes.
Join for Free
OR
Log In

You Might Also Like...

Show Comments

Extras

Created May 15, 2012ReportNominate
Tags:Soccer Quiz, Euro 2012

Top Quizzes Today


Score Distribution

Your Account Isn't Verified!

In order to create a playlist on Sporcle, you need to verify the email address you used during registration. Go to your Sporcle Settings to finish the process.

Report this User

Report this user for behavior that violates our Community Guidelines.

Details: